00724nam a2200205 i 4500001000700000003000900007005001700016007000300033008004100036080001000077100002800087245012100115260003200236300002200268650002300290700003200313852003200345999001900377952012200396134797ES-MaACL20230906194739.0t|070628s1968 sp ||||1| spa d a261.81 aThils, Gustave.910996713aLa Iglesia y las iglesias b: nuevas perspectivas de ecumenismo /cGustave Thils ; [versión de José Vila Selma]. aMadrid : bPalabra, c1968. a202 p. ; c20 cm.14aEcumenismo.9120451 aVila Selma, José.9114738 aES-MaACLjC-48564 bR.68721 c134797d134797 00104070aATENEOMbATENEOMcDEPO2d2008-01-17eSCl0oC-48564p1140306r2023-02-23 00:00:00w2023-02-23yMONOGRAFIA